KPOP Newest Songs - Statistics

General Stats
  • This quiz has been taken 1,125 times
  • The average score is 5 of 12
Answer Stats
Hint Answer % Correct
Mr.Chu Apink
88%
Miniskirt AOA
85%
Mr. Mr. Girl's Generation
80%
Come Back Home 2NE1
79%
Catallena Orange Caramel
73%
Not Spring, Love Or Cherry Blossoms High4, IU
27%
200& Akdong Musician
17%
Cherry Blossom Ending Busker Busker
13%
Can't Hide It 15&
11%
Wild Flowers Park Hyo Shin
6%
Every Moment of You Sung Si Kyung
3%
Common Song Lim Chang Jung
1%
No matching quizzes found
Score Distribution
Percent of People with Each Score
Percentile by Number Answered
Your Score History
You have not taken this quiz